Search the Library Catalogue
| 000 -LEADER | |
|---|---|
| fixed length control field | 00337nam a2200121 a 4500 |
| 008 - FIXED-LENGTH DATA ELEMENTS--GENERAL INFORMATION | |
| fixed length control field | 250923s2025##################000#0#eng## |
| 020 ## - INTERNATIONAL STANDARD BOOK NUMBER | |
| ISBN | 9780521776585 |
| Paper back/Hardbound | pbk |
| 082 04 - DEWEY DECIMAL CLASSIFICATION NUMBER | |
| Classification number | 577.0113 |
| Item number | WIL |
| 100 ## - MAIN ENTRY--AUTHOR NAME | |
| Personal name | Will Wilson |
| 245 10 - TITLE STATEMENT | |
| Title | Simulating Ecological And Evolutionary Systems In C |
| Statement of responsibility, etc | Will Wilson |
| 942 ## - ADDED ENTRY ELEMENTS (KOHA) | |
| Koha item type | English Books |
| Withdrawn status | Lost status | Damaged status | Not for loan | Home library | Current library | Shelving location | Date acquired | Full call number | Accession Number | Price effective from | Koha item type |
|---|---|---|---|---|---|---|---|---|---|---|---|
| Anna Centenary Library | Anna Centenary Library | 5TH FLOOR, A WING | 23.09.2025 | 577.011 WIL | 196998 | 23.09.2025 | English Books |